000
00255nam a22001217a 4500
003
SGT
082
_a
305.231
_b
MIT
100
_a
MITTAL, DR. SUJATA
245
_a
CHILD DEVELOPMENT
260
_a
DELHI
_b
ISHA BOOK
_c
2004
300
_a
282
942
_2
ddc
_c
BK
999
_c
18957
_d
18957